1762 1656 1589 1067 1569 1758 1806 1288 1739 1514 1986 1063 1104 1891 1922 1938 1190 1125 1238 1724 1946 1869 1714 1845 1051 1928 1533 1376 1829 1156 1484 1434 1688 1452 1751 1734 1658 1447 1760 1825 1650 1849 1743 1822 1491 1320 1071 1649 1312 1685 1277 1760 1021 1306 1498 1592 1883 1332 1665 1195 1130 1131 1270 1961 1881 1646 1064 1092 1612 1867 1530 1258 1899 1036 1744 1720 1748 1076 1630 1601 1683 1668 1652 1833 1158 1374 1157 1100 1223 1620 1370 1842 1189 1135 1956 1329 1983 1386 1757 BCNSPRNW ULIB Ver.6.0+V

เปลี่ยนเป็นภาษาไทย

Change to English
 แสดงรายละเอียดบรรณานุกรม
  กลับหน้าหลัก

Brief Record : Get Marc (ISO 2709) : E-mail record : QR code < ปิดหน้าต่าง
LEADER : 00000nam 2200000uu 4500
001    13399126339
003     ULIB
008    180910s||||||||th 000 0 tha d
020    ^a9786168035368
060    ^aWI100 M294
245    ^aManual of gastroenterology
250    ^aพิมพ์ครั้งที่ 1
260    ^aกรุงเทพฯ :^bโครงการตำราอายุรศาสตร์วิทยาลัยแพทยศาสตร์พระมงกุฎเกล้า,^c2561
300    ^a376 หน้า^bภาพประกอบ
650    ^aGastroenterology
650    ^aโรคระบบทางเดินอาหาร
650    ^aโรคตับ
650    ^aระบบทางเดินอาหารและตับ
700 0  ^aศักรินทร์ จิรพงศธร และชัยพิชิต พุทธาพิทักษ์พงศ์
945    ^p300^l0^i26920
945    ^p300^l0^i26921
945    ^p300^l0^i26591
945    ^p300^l0^i26590
945    ^p300^l0^i26919
999    ^aกัณชพร จุลอักษร
รายการนี้ยังไม่มีแท็ก
คุณยังไม่ได้ล็อกอิน คุณสามารถมีกิจกรรมร่วมกับเว็บไซต์ได้ แต่ต้องล็อกอินก่อน ::
  ล็อกอิน

รายการสื่อสารสนเทศ

ลำดับที่ ประเภท เลขเรียก/บาร์โค้ด สถานที่ สถานะ
1. หนังสือสำรอง
หนังสือสำรอง
WI100 M294 ฉ.1 
  Barcode: 26590
ห้องสมุดวิทยาเขตนครสวรรค์
►หนังสือทั่วไป:l:General Books
บนชั้น
2. วิทยาศาสตร์การแพทย์ และสุขภาพ
วิทยาศาสตร์การแพทย์ และสุขภาพ
WI100 M294 ฉ.2 
  Barcode: 26591
ห้องสมุดวิทยาเขตนครสวรรค์
►หนังสือทั่วไป:l:General Books
บนชั้น
3. วิทยาศาสตร์การแพทย์ และสุขภาพ
วิทยาศาสตร์การแพทย์ และสุขภาพ
WI100 M294 ฉ.3 
  Barcode: 26919
ห้องสมุดวิทยาเขตนครสวรรค์
►หนังสือทั่วไป:l:General Books
บนชั้น
4. วิทยาศาสตร์การแพทย์ และสุขภาพ
วิทยาศาสตร์การแพทย์ และสุขภาพ
WI100 M294 ฉ.4 
  Barcode: 26920
ห้องสมุดวิทยาเขตนครสวรรค์
►หนังสือทั่วไป:l:General Books
บนชั้น
5. วิทยาศาสตร์การแพทย์ และสุขภาพ
วิทยาศาสตร์การแพทย์ และสุขภาพ
WI100 M294 ฉ.5 
  Barcode: 26921
ห้องสมุดวิทยาเขตนครสวรรค์
►หนังสือทั่วไป:l:General Books
บนชั้น

รายการใกล้เคียง
    ชื่อเรื่อง [Manual of gastroenterology]

    หัวเรื่อง [Gastroenterology]
    หัวเรื่อง [โรคระบบทางเดินอาหาร]
    หัวเรื่อง [โรคตับ]
    หัวเรื่อง [ระบบทางเดินอาหารและตับ]

BibComment


ยังไม่เคยถูกคอมเมนท์

คอมเมนท์ทรัพยากรรายการนี้
  คอมเมนท์: Manual of gastro..


 Copyright 2026. Bcnsprnw @Library